=LDR 00000nam 2200000 4500 =001 INLIS000000000002018 =005 20130612090405 =008 ***********************************Ind** =035 ##$$0010-061300000002018 =041 ##$$a Ind =082 ##$$a 612.3 =090 ##$$a 612.3, Ven i =100 ##$$a Venzil,Tadil =245 ##$$a Ilmu gizi, Pencernaan,penyerapan dan detoksikasi zat gizi, Tadil Venzil =260 ##$$a 1995 $b Jakarta =300 ##$$a 76 hlm, ilus, 20 cm =650 ##$$a Gizi =850 ##$$a NBPNMAT